Pemikiran lateral

Bibliographic Details
Main Author: De Bono, Edward
Format: Book
Published: Kuala Lumpur : Golden Books Centre , 1997
Subjects:

MARC

LEADER 00000cam a2200000 7i4500
001 0000001931
005 20050613.0
020 |a 9837203021 
040 |a INS 
090 0 0 |a BF441.   |b A368 1997 
100 1 |a De Bono, Edward 
245 1 0 |a Pemikiran lateral   |c Edward De Bono 
260 |a Kuala Lumpur :   |b Golden Books Centre ,   |c 1997 
300 |a 326p 
650 0 0 |a Creative thinking 
650 0 0 |a Lateral thinking 
650 0 0 |a Thought and thinking 
999 |a 0000007121   |b BOOK   |c Open Shelf   |e Default branch 
999 |a 0000023759   |b BOOK   |c Open Shelf   |e Default branch